000 00446nam a22001697a 4500
005 20251108164946.0
008 250721s2001 xx 000 0 ara d
082 1 4 _a615.9/عمي
100 1 _aعميرة، إسراء عزام
245 1 0 _aعلم السموم /
246 1 1 _aToxicology
264 1 _aعمان :
_bدار المستقبل،
_c2001.
300 _a151ص
650 1 7 _aعلم السموم
942 _2ddc
_cBK
999 _c18424
_d18424